00647nam a2200205Ia 4500003000400000005001700004006001800021007000300039008004100042037001700083040001800100041001300118082002300131100001900154245005500173260007900228300003700307500007800344650001900422OSt20220925232534.0a|||||r|||| 00| 0ta220923b |||||||| |||| 00| 0 eng d cGeneral Book aRTLcRTLbeng 2engaeng aX9(D26):8.2.N9, N7 aMitra Ashok K. 0aIrrigation management and pricing of irrigation wa aMumbaibNational Bank for Agriculture and Rural Development India c1997 a103p. Bibliography p.101-03ccm. aNational Bank for Agriculture and Rural Development, Occasional Paper, 4. aRiver Industry